000 00543nam a2200217Ia 4500
003 OSt
005 20220928151949.0
006 a|||||r|||| 00| 0
007 ta
008 220927b |||||||| |||| 00| 0 eng d
024 _a134593
037 _cTextual
040 _aSDCL
_cSDCL
_beng
041 _2eng
_aeng
082 _aBx, L8
100 _aSteen Lynn Arthur
_9499926
245 0 _aMathematics today Twelve informal essays.
260 _c1978
942 _hBx, L8
_cTEXL
_2CC
999 _c853574
_d853574